000 01151nam a2200325 i 4500
003 DO-SdBPM
005 20251017142325.0
007 ta
008 230609b2022 dr ||||| 00| 0 spa d
020 _a9789945608885
040 _aDO-SdBPM
_bspa
_cBPMSU
_erda
_d
082 4 _aPR863.5
_bF995c 2022
_222
100 1 _aFuster Lavín, Ana María
_d1967-
_eautora
245 1 3 _a El callejón de los gatos /
_cAna María Fuster Lavín ; corrección Torres Rodríguez y Bosco Noriega
_b
264 _aSanto Domingo :
_bEditora Nacional,
_c2022.
_b
300 _a171 páginas ;
_c21 cm.
336 _2rdacontent
_atexto
_btxt
337 _2rdamedia
_asin mediación
_bn
338 _2rdacarrier
_avolumen
_bnc
490 0 _aDe juego
500 _aIncluye datos biográficos del autor en la solapa de la cubierta
590 _aInventariado, 2025/VM
650 7 _aCuentos puertorriqueños
650 7 _aLiteratura puertorriqueña
700 1 _aRodríguez, Torres
_ecorrección
700 1 _aNoriega, Bosco
_eCorrección
710 2 _a Feria Internacional del Libro Santo Domingo
910 _aVMateo V. Control de calidad BPMSU
942 _2ddc
_cBK
999 _c15465
_d15465